| Tag |
First Indicator |
Second Indicator |
Subfields |
| LEADER |
00000cam a2200000 a 4500 |
| 001 |
in00000008620 |
| 005 |
20151003080007.0 |
| 008 |
840314s1913 gw b 00010 ger |
| 010 |
|
|
|a 34004436
|
| 035 |
|
|
|a (OCoLC)10521133
|
| 035 |
|
|
|9 AAA1017AM
|
| 040 |
|
|
|a IWT
|c IWT
|d m/c
|d UtOrBLW
|
| 041 |
0 |
|
|a ger
|a heb
|
| 049 |
|
|
|a TXAM
|c [A12561734]
|
| 050 |
|
0 |
|a PJ4912
|b .A7
|
| 100 |
1 |
|
|a Albrecht, Karl,
|d 1859-1931.
|
| 245 |
1 |
0 |
|a Neuhebräische Grammatik auf Grund der Mišna /
|c bearbeitet von K. Albrecht.
|
| 264 |
|
1 |
|a München :
|b C. H. Beck,
|c 1913.
|
| 300 |
|
|
|a vi, 136 pages ;
|c 20 cm.
|
| 336 |
|
|
|a text
|b txt
|2 rdacontent
|
| 337 |
|
|
|a unmediated
|b n
|2 rdamedia
|
| 338 |
|
|
|a volume
|b nc
|2 rdacarrier
|
| 490 |
1 |
|
|a Clavis linguarum semiticarum ;
|v pars 5
|
| 504 |
|
|
|a Bibliography: pages 134-135.
|
| 650 |
|
0 |
|a Hebrew language, Talmudic
|x Grammar.
|
| 830 |
|
0 |
|a Clavis linguarum semiticarum ;
|v pars 5.
|
| 999 |
|
|
|a MARS
|
| 999 |
f |
f |
|s 1b2ad3dd-1b9b-3923-8d60-06415d3654d7
|i b758930c-203a-35e5-bbb8-de875f628d82
|t 0
|
| 952 |
f |
f |
|p ric
|a Texas A&M University
|b Rellis Campus
|c Joint Library Facility
|d Remote Storage
|t 0
|e PJ4912 .A7
|h Library of Congress classification
|i unmediated -- volume
|m A14812561734
|
| 998 |
f |
f |
|a PJ4912 .A7
|t 0
|l Remote Storage
|